Kabale University Library Catalogue

Community power and political theory : (Record no. 6041)

MARC details
000 -LEADER
fixed length control field 00921cam a2200265 i 4500
003 - CONTROL NUMBER IDENTIFIER
control field OSt
005 - DATE AND TIME OF LATEST TRANSACTION
control field 20260205124745.0
008 - FIXED-LENGTH DATA ELEMENTS--GENERAL INFORMATION
fixed length control field 791002s1980 ctu b 001 0 eng
020 ## - INTERNATIONAL STANDARD BOOK NUMBER
International Standard Book Number 0300024452
020 ## - INTERNATIONAL STANDARD BOOK NUMBER
International Standard Book Number 0300025289
020 ## - INTERNATIONAL STANDARD BOOK NUMBER
International Standard Book Number 9780300025286
040 ## - CATALOGING SOURCE
Original cataloging agency KABLIB
Transcribing agency KABLIB
Description conventions rda
082 ## - DEWEY DECIMAL CLASSIFICATION NUMBER
Classification number `301.44
Edition number 23
Item number POL
100 1# - MAIN ENTRY--PERSONAL NAME
Personal name Polsby, Nelson W.
9 (RLIN) 15289
245 10 - TITLE STATEMENT
Title Community power and political theory :
Remainder of title a further look at problems of evidence and inference /
Statement of responsibility, etc. Nelson W. Polsby.
250 ## - EDITION STATEMENT
Edition statement 2nd ed.
260 ## - PUBLICATION, DISTRIBUTION, ETC.
Place of publication, distribution, etc. New Haven :
Name of publisher, distributor, etc. Yale University Press,
Date of publication, distribution, etc. c1980.
300 ## - PHYSICAL DESCRIPTION
Extent xxvi, 245 p. ;
Dimensions 24 cm.
504 ## - BIBLIOGRAPHY, ETC. NOTE
Bibliography, etc. note Includes index.
650 #0 - SUBJECT ADDED ENTRY--TOPICAL TERM
Topical term or geographic name entry element Municipal government
Geographic subdivision United States
General subdivision Case studies.
9 (RLIN) 15290
650 #0 - SUBJECT ADDED ENTRY--TOPICAL TERM
Topical term or geographic name entry element Community power
Geographic subdivision United States
General subdivision Case studies.
9 (RLIN) 15291
650 #0 - SUBJECT ADDED ENTRY--TOPICAL TERM
Topical term or geographic name entry element Social classes
Geographic subdivision United States.
9 (RLIN) 15292
651 #0 - SUBJECT ADDED ENTRY--GEOGRAPHIC NAME
Geographic name New Haven (Conn.)
General subdivision Politics and government.
9 (RLIN) 15293
942 ## - ADDED ENTRY ELEMENTS (KOHA)
Source of classification or shelving scheme Dewey Decimal Classification
Koha item type Book
Holdings
Withdrawn status Lost status Source of classification or shelving scheme Damaged status Not for loan Home library Current library Shelving location Date acquired Source of acquisition Total Checkouts Full call number Barcode Date last seen Price effective from Koha item type
    Dewey Decimal Classification     Mukombe Library Mukombe Library Open Access Section 05.02.2026 Donation   301.44 POL 14492 05.02.2026 05.02.2026 Book

Kabale University Library | Kabale University P.O Box 317, Kabale, Uganda
Tel : +256754017033, +256774661503 E-mail : library@kab.ac.ug